00301nam a2200121Ia 4500008004100000245004000041260001700081260000900098300000800107650002300115650001200138856002900150170516s9999 xx 000 0 und d aBiomedical Applications of Graphene bTheranostics c2012 a2:3 xMedical Technology xMedtech uhttp://www.thno.org/v2i3